000 00455nam a22001817a 4500
003 CEME
005 20210628201637.0
008 210212b xxu||||| |||| 00| 0 eng d
020 _a0-697-28901-X
040 _c.
082 _a070.172 MEN
100 _aMencher, Melvin
_956150
245 _aNews reporting and writing
260 _aBOSTON
_bMCGRAW HILL
_c1997
300 _aXX,713P
650 _aREPORTING-NEWS NEWS WRITING
_956151
942 _cBK
_2ddc
999 _c566663
_d566663